| Tag |
First Indicator |
Second Indicator |
Subfields |
| LEADER |
00000cam a2200000 a 4500 |
| 001 |
in00002660021 |
| 005 |
20151202120919.0 |
| 008 |
100818s2011 nyu b 001 0 eng |
| 010 |
|
|
|a 2010035297
|
| 020 |
|
|
|a 9780230102835 (hardback)
|
| 020 |
|
|
|a 0230102832 (hardback)
|
| 029 |
1 |
|
|a AU@
|b 000045974360
|
| 035 |
|
|
|a (OCoLC)ocn657270938
|
| 035 |
|
|
|a (OCoLC)657270938
|
| 040 |
|
|
|a DLC
|c DLC
|d YDX
|d YDXCP
|d OUP
|d BWX
|d UtOrBLW
|
| 042 |
|
|
|a pcc
|
| 049 |
|
|
|a TXAM
|
| 050 |
0 |
0 |
|a JF799
|b .L48 2011
|
| 082 |
0 |
0 |
|a 323/.042
|2 22
|
| 100 |
1 |
|
|a Levine, David P.,
|d 1948-
|
| 245 |
1 |
4 |
|a The capacity for civic engagement :
|b public and private worlds of the self /
|c David P. Levine.
|
| 250 |
|
|
|a 1st ed.
|
| 264 |
|
1 |
|a New York :
|b Palgrave Macmillan,
|c 2011.
|
| 300 |
|
|
|a xi, 192 pages ;
|c 22 cm.
|
| 336 |
|
|
|a text
|b txt
|2 rdacontent
|
| 337 |
|
|
|a unmediated
|b n
|2 rdamedia
|
| 338 |
|
|
|a volume
|b nc
|2 rdacarrier
|
| 504 |
|
|
|a Includes bibliographical references and index.
|
| 520 |
|
|
|a "This is a book about how we form a connection to the ideals and institutions of public life, a connection sometimes expressed in the language of civic engagement, public service, and commitment to the public good. While we do not lack for literature to guide us in thinking about public life, we have less to call on when our problem is not only to explore public ideals and institutions, but also to consider the nature and origin of our capacity to make a connection with and find meaning in those institutions and ideals. Levine explores the nature and origin of this capacity to form a connection and find meaning"--
|c Provided by publisher.
|
| 505 |
0 |
|
|a Introduction -- Civic engagement -- Engagement and trust -- Subjectivity and mourning -- Tolerance -- Diversity -- Teaching and learning -- Common ground.
|
| 650 |
|
0 |
|a Political participation.
|
| 650 |
|
0 |
|a Community activists.
|
| 938 |
|
|
|a YBP Library Services
|b YANK
|n 3599314
|
| 938 |
|
|
|a Blackwell Book Service
|b BBUS
|n 3599314
|
| 945 |
|
|
|a PromptCat
|b 318209
|
| 946 |
|
|
|a stk
|
| 947 |
|
|
|a A14840397973
|
| 994 |
|
|
|a 92
|b TXA
|
| 948 |
|
|
|a Cataloged
|b h
|c 2011/4/22
|d c
|e EGrant
|f 11:22:56 AM
|
| 999 |
|
|
|a MARS
|
| 999 |
f |
f |
|s e2688538-b5aa-3937-bc15-6799a6e0eca8
|i b936f04c-9e77-35f6-9f80-98e1eb58b2b3
|t 0
|
| 952 |
f |
f |
|p normal
|a Texas A&M University
|b College Station
|c Sterling C. Evans Library
|d Evans: Library Stacks
|t 0
|e JF799 .L48 2011
|h Library of Congress classification
|i unmediated -- volume
|m A14842994726
|
| 952 |
f |
f |
|p ric
|a Texas A&M University
|b Rellis Campus
|c Joint Library Facility
|d Remote Storage
|t 0
|e JF799 .L48 2011
|h Library of Congress classification
|i unmediated -- volume
|m A14840397973
|
| 998 |
f |
f |
|a JF799 .L48 2011
|t 0
|l Remote Storage
|
| 998 |
f |
f |
|a JF799 .L48 2011
|t 0
|l Evans: Library Stacks
|